00851nam a22001697a 4500003000900000008004100009040007100050082001900121100002900140245004500169260004700214300003000261505033600291650001800627650000900645650002700654AR-CdUCM190305b ||||| |||| 00| 0 spa d aMUNICIPALIDAD PROVINCIAL DEL CUSCOcBIBLIOTECA MUNICIPAL DEL CUSCO a985.019 /bR36 aHermida Reinoso, Gustavo aCañaris e Incas:bHistoria y Cultura / aEcuador :bGráficas Hernández ,c2006. a368 páginas ;c22.2 cm. aContenido: La Organizacion Social y Economica del Incario -- Pilares de consolidacion del Tahuantinsuyo -- Formas de Propiedad -- Fuentes Alimenticias -- Presencia del Incario en Territorio Cañari -- El Complejo Arqueologico del Castillo Incásico de Ingapirca -- Ruinas Arqueológicas del Tambo real Incásico de Molleturo... aTahuantinsuyo aInca aHistoria Aborigen Inca